[Event "Warsaw YMCA Autumn-A 84th"]
[Site "Warsaw"]
[Date "2010.12.08"]
[Round "12"]
[White "Kedzierski, Slawomir"]
[Black "Moskwinski, Tadeusz"]
[Result "0-1"]
[WhiteElo "2102"]
[BlackElo "2213"]
[PlyCount "126"]
[EventDate "2010.09.24"]
[EventType "tourn"]
[EventRounds "13"]
[EventCountry "POL"]
[SourceTitle "EXT 2019"]
[Source "ChessBase"]
[SourceDate "2018.10.10"]
[SourceVersion "1"]
[SourceVersionDate "2018.10.10"]
[SourceQuality "1"]

1. d4 f5 2. Nf3 Nf6 3. c4 g6 4. g3 Bg7 5. Bg2 0-0 6. 0-0 d6 7. Nc3 c6 8. b3 Qa5 9. Bd2 Qc7 10. Qc2 e5 11. dxe5 dxe5 12. e4 Na6 13. exf5 Bxf5 14. Qb2 Nb4 15. Nh4 Bd3 16. Rfd1 Ng4 17. Be1 e4 18. f3 Qb6+ 19. Kh1 exf3 20. Nxf3 Be4 21. c5 Rxf3 22. Qe2 Re3 23. Qc4+ Bd5 24. Rxd5 cxd5 25. Nxd5 Qe6 26. Bxb4 Bxa1 27. Nxe3 Qxc4 28. Nxc4 Nf2+ 29. Kg1 Nd3 30. Bd5+ Kg7 31. Bd2 Bd4+ 32. Kf1 Rf8+ 33. Ke2 Nxc5 34. Ne3 b6 35. b4 Nd7 36. Kd3 Rf2 37. Be1 Bxe3 38. Kxe3 Rxh2 39. Bc3+ Nf6 40. Be5 Rh5 41. Kd4 Rxe5 42. Kxe5 Nxd5 43. Kxd5 Kf6 44. Kc6 h5 45. Kb7 g5 46. Kxa7 h4 47. gxh4 gxh4 48. Kxb6 h3 49. b5 h2 50. Kc7 h1Q 51. b6 Qh7+ 52. Kc6 Qc2+ 53. Kd7 Qxa2 54. b7 Qd5+ 55. Kc7 Qe5+ 56. Kd7 Qb5+ 57. Kc8 Qc6+ 58. Kb8 Ke6 59. Ka7 Qc5+ 60. Ka6 Qb4 61. Ka7 Qa5+ 62. Kb8 Kd6 63. Kc8 Qc7# 0-1

[Event "Warsaw YMCA Autumn-A 84th"]
[Site "Warsaw"]
[Date "2010.11.05"]
[Round "6"]
[White "Lewandowski, Rafal"]
[Black "Moskwinski, Tadeusz"]
[Result "1-0"]
[WhiteElo "2202"]
[BlackElo "2213"]
[PlyCount "93"]
[EventDate "2010.09.24"]
[EventType "tourn"]
[EventRounds "13"]
[EventCountry "POL"]
[SourceTitle "EXT 2019"]
[Source "ChessBase"]
[SourceDate "2018.10.10"]
[SourceVersion "1"]
[SourceVersionDate "2018.10.10"]
[SourceQuality "1"]

1. e4 c5 2. Nf3 d6 3. d4 cxd4 4. Nxd4 Nf6 5. Nc3 a6 6. Bg5 Nc6 7. Qd2 e6 8. f4 Bd7 9. 0-0-0 b5 10. Nxc6 Bxc6 11. Bd3 b4 12. Ne2 Qb6 13. Ng3 Ng4 14. f5 h6 15. h3 Ne5 16. Bf4 Qa5 17. Kb1 Be7 18. Nh5 Rg8 19. g4 Rc8 20. Rhf1 Qc5 21. Be3 Qa5 22. f6 gxf6 23. Nxf6+ Bxf6 24. Rxf6 Bb5 25. Bd4 Bxd3 26. cxd3 Nc6 27. Be3 h5 28. Rdf1 Rc7 29. Qf2 b3 30. a3 Qb5 31. Rxf7 Qxd3+ 32. Ka1 Qxf1+ 33. Qxf1 Rxf7 34. Qxa6 Ne5 35. g5 Rf3 36. Qa8+ Kf7 37. Qb7+ Kg6 38. Qxb3 Re8 39. Qb5 Rc8 40. Bd4 Rc1+ 41. Ka2 Nf7 42. Qe8 Kxg5 43. Qxe6 Rh1 44. Qe7+ Kg6 45. h4 Re1 46. Qf8 Ne5 47. Qxd6+ 1-0

[Event "Warsaw YMCA Autumn-A 84th"]
[Site "Warsaw"]
[Date "2010.10.12"]
[Round "4"]
[White "Sanz Losada, Victoriano"]
[Black "Moskwinski, Tadeusz"]
[Result "1/2-1/2"]
[WhiteElo "2138"]
[BlackElo "2213"]
[PlyCount "66"]
[EventDate "2010.09.24"]
[EventType "tourn"]
[EventRounds "13"]
[EventCountry "POL"]
[SourceTitle "EXT 2019"]
[Source "ChessBase"]
[SourceDate "2018.10.10"]
[SourceVersion "1"]
[SourceVersionDate "2018.10.10"]
[SourceQuality "1"]

1. d4 d5 2. c4 c6 3. Nc3 Nf6 4. Nf3 e6 5. cxd5 exd5 6. Bg5 Bf5 7. e3 Qb6 8. Qb3 Nbd7 9. Bxf6 Nxf6 10. Be2 Bd6 11. 0-0 0-0 12. Rfc1 Ne4 13. Qxb6 axb6 14. Nxe4 Bxe4 15. Ne1 Ra7 16. Bd3 Rfa8 17. Bxe4 dxe4 18. a3 b5 19. Nc2 b4 20. axb4 Rxa1 21. Rxa1 Rxa1+ 22. Nxa1 Bxb4 23. Kf1 f5 24. Ke2 Kf7 25. Nc2 Bd6 26. g3 Ke6 27. f4 Kd5 28. b3 c5 29. dxc5 Bxc5 30. Kd2 Bb6 31. Ke2 Ke6 32. h4 Bc5 33. h5 Kd5 1/2-1/2

[Event "POL-chT 2st League"]
[Site "Mrzezyno"]
[Date "2010.09.05"]
[Round "2.29"]
[White "Czernicki, Bogdan"]
[Black "Moskwinski, Tadeusz"]
[Result "0-1"]
[WhiteElo "1912"]
[BlackElo "2213"]
[PlyCount "120"]
[EventDate "2010.09.04"]
[EventType "team-swiss"]
[EventRounds "9"]
[EventCountry "POL"]
[SourceTitle "EXT 2019"]
[Source "ChessBase"]
[SourceDate "2018.10.10"]
[SourceVersion "1"]
[SourceVersionDate "2018.10.10"]
[SourceQuality "1"]
[WhiteTeam "Krakow TKKF Drogowiec"]
[BlackTeam "Zielonka Zieloni"]
[WhiteTeamCountry "POL"]
[BlackTeamCountry "POL"]

1. e4 c5 2. c4 Nc6 3. d3 g6 4. Nc3 Bg7 5. Be3 d6 6. Qd2 a6 7. Be2 Rb8 8. Nf3 Nd4 9. Rc1 e6 10. 0-0 Bd7 11. h3 h6 12. Nh2 Ne7 13. f4 b5 14. b3 b4 15. Nd1 0-0 16. Nf3 Nec6 17. Nf2 a5 18. Ng4 f5 19. Ngh2 a4 20. Bd1 axb3 21. Bxb3 Kh7 22. Nxd4 Nxd4 23. Nf3 Nxf3+ 24. gxf3 Qh4 25. Qg2 Bc6 26. Rce1 Bc3 27. Re2 Rg8 28. Kh1 Rb7 29. Qh2 Qh5 30. Rg2 Rbg7 31. Bd1 Qh4 32. Rfg1 Qf6 33. Qg3 Ra8 34. h4 Ra3 35. Bb3 Ra8 36. Qf2 Rag8 37. Kh2 Qd8 38. Kh1 Bf6 39. Rh2 Rf8 40. Rd1 e5 41. Rg1 exf4 42. Bc1 Bd4 43. Qf1 Qf6 44. Rgg2 Re7 45. Re2 Rg7 46. Bb2 g5 47. hxg5 Rxg5 48. Bxd4 Qxd4 49. Reg2 Rfg8 50. Rxg5 Rxg5 51. Rg2 Bd7 52. Rxg5 hxg5 53. Qh3+ Kg6 54. Qf1 Qe3 55. Bc2 Qd2 56. Qd1 Qxd1+ 57. Bxd1 Kf6 58. Kg1 Ke5 59. Kf2 Kd4 60. Ke2 fxe4 0-1

[Event "Warsaw YMCA Spring-D 75th"]
[Site "Warsaw"]
[Date "2010.05.18"]
[Round "7"]
[White "Moskwinski, Tadeusz"]
[Black "Lewandowski, Rafal"]
[Result "0-1"]
[WhiteElo "2236"]
[BlackElo "2164"]
[PlyCount "60"]
[EventDate "2010.04.10"]
[EventType "tourn"]
[EventRounds "13"]
[EventCountry "POL"]
[EventCategory "1"]
[SourceTitle "EXT 2011"]
[Source "ChessBase"]
[SourceDate "2010.11.26"]
[SourceVersion "1"]
[SourceVersionDate "2010.11.26"]
[SourceQuality "1"]

1. e4 c5 2. Nf3 e6 3. d4 cxd4 4. Nxd4 a6 5. Bd3 g6 6. Nc3 Bg7 7. Nf3 Nc6 8. 0-0 Nge7 9. Re1 Qc7 10. Qe2 d6 11. Bf4 0-0 12. Rad1 b5 13. Qe3 Rd8 14. Bf1 Bb7 15. Rd2 Rac8 16. Red1 e5 17. Bh6 Kh8 18. g3 b4 19. Na4 d5 20. Bh3 Rb8 21. exd5 Nd4 22. Rxd4 exd4 23. Bf4 Qxc2 24. Rc1 dxe3 25. Rxc2 Bxd5 26. Ne5 b3 27. Rc1 Rb4 28. axb3 Bxb3 29. Nc3 e2 30. Nxe2 Re4 0-1

[Event "POL-chT 2nd League"]
[Site "Miedzyzdroje"]
[Date "2009.09.20"]
[Round "9"]
[White "Jedrzejewski, Kamil"]
[Black "Moskwinski, Tadeusz"]
[Result "1/2-1/2"]
[WhiteElo "2017"]
[BlackElo "2214"]
[PlyCount "128"]
[EventDate "2009.09.12"]
[EventType "team-swiss"]
[EventRounds "9"]
[EventCountry "POL"]
[SourceTitle "EXT 2019"]
[Source "ChessBase"]
[SourceDate "2018.10.10"]
[SourceVersion "1"]
[SourceVersionDate "2018.10.10"]
[SourceQuality "1"]
[WhiteTeam "Gniezno LKS Chrobry"]
[BlackTeam "Zielonka Zieloni"]
[WhiteTeamCountry "POL"]
[BlackTeamCountry "POL"]

1. e4 c5 2. Nc3 d6 3. f4 g6 4. Nf3 Bg7 5. Bc4 Nc6 6. d3 e6 7. 0-0 Nge7 8. Qe1 Nd4 9. Nxd4 cxd4 10. Ne2 0-0 11. c3 d5 12. exd5 exd5 13. Bb3 Nf5 14. Nxd4 Nxd4 15. cxd4 Bxd4+ 16. Kh1 a5 17. a3 Bf5 18. Qg3 Qd7 19. Qf3 Rad8 20. a4 b5 21. axb5 Qxb5 22. Ba4 Qb4 23. Ra2 Rc8 24. b3 Rfd8 25. g4 Bd7 26. f5 Qd6 27. Bxd7 Rxd7 28. Rxa5 f6 29. g5 Rf8 30. Ba3 Qb6 31. Rxd5 Rfd8 32. Rxd7 Rxd7 33. fxg6 hxg6 34. gxf6 Kf7 35. Qe4 Qxb3 36. Re1 Qd5 37. Be7 Qxe4+ 38. Rxe4 Bxf6 39. Bxf6 Kxf6 40. Re3 Kf5 41. Kg2 g5 42. Rf3+ Ke5 43. Kg3 Rh7 44. h3 Rh4 45. Re3+ Kf5 46. Re4 Rh8 47. Rd4 Ke5 48. Re4+ Kf5 49. Re3 Rh4 50. Re4 Rh8 51. Rc4 Rd8 52. d4 Ke4 53. Rc5 Rxd4 54. Rxg5 Rd3+ 55. Kg4 Rd1 56. h4 Rg1+ 57. Kh5 Rh1 58. Rg8 Kf5 59. Rf8+ Ke6 60. Kg5 Rg1+ 61. Kh6 Rh1 62. h5 Ke7 63. Rf2 Rg1 64. Kh7 Rh1 1/2-1/2